[Event "Championnat de France - Accession"]
[Site "Aix-les-Bains"]
[Date "2007.??.??"]
[Round "10.10"]
[White "Chomet, Pascal"]
[Black "Rouler, Charly"]
[Result "0-1"]
[WhiteElo "2353"]
[BlackElo "2284"]
[PlyCount "124"]
[EventDate "2007.??.??"]

1. e4 c5 2. Nf3 e6 3. d3 Nc6 4. g3 d5 5. Nbd2 Nf6 6. Bg2 Be7 7. O-O O-O 8. e5
Nd7 9. Re1 b5 10. Nf1 a5 11. h4 b4 12. Bf4 Ba6 13. N1h2 a4 14. Ng5 Qe8 15. c4
bxc3 16. bxc3 Nb6 17. Ng4 Kh8 18. Qc2 Rb8 19. Bf3 a3 20. Kg2 Na5 21. Rh1 Qa4
22. Qe2 Nd7 23. Bc1 Nc6 24. Qe3 Qc2 25. c4 Nb4 26. Bxa3 d4 27. Qe4 Qxd3 28.
Bxb4 Qxe4 29. Bxe4 Rxb4 30. Nxh7 Rfb8 31. Ng5 Kg8 32. Nf3 Nb6 33. h5 Nxc4 34.
h6 Bb7 35. Bxb7 R8xb7 36. hxg7 Kxg7 37. Rac1 Ra7 38. Rh5 Rxa2 39. Kh3 Nd2 40.
Ng5 Kg6 41. Rh8 Bxg5 42. Rg8+ Kf5 43. f4 Bxf4 44. gxf4 Rb3+ 45. Kh4 Kxf4 46.
Rg7 Nf3+ 47. Kh5 Nxe5 48. Rf1+ Rf3 49. Rxf3+ Nxf3 50. Rxf7+ Ke4 51. Nf6+ Ke3
52. Ng4+ Ke2 53. Re7 e5 54. Nxe5 Nxe5 55. Rxe5+ Kd2 56. Rxc5 d3 57. Kg4 Rc2 58.
Rh5 Rc8 59. Kf3 Kc2 60. Ke3 d2 61. Rh2 Kc1 62. Rxd2 Re8+ 0-1

[Event "Championnat de France - Accession"]
[Site "Aix-les-Bains"]
[Date "2007.??.??"]
[Round "10.11"]
[White "Bailet, Pierre"]
[Black "Saucey, Michel"]
[Result "1/2-1/2"]
[WhiteElo "2169"]
[BlackElo "2347"]
[PlyCount "93"]
[EventDate "2007.??.??"]

1. Nf3 d6 2. c4 f5 3. d4 Nf6 4. g3 g6 5. Bg2 Bg7 6. O-O O-O 7. Nc3 Qe8 8. b3 e5
9. dxe5 dxe5 10. e4 Nc6 11. Nd5 Qd7 12. Nxf6+ Bxf6 13. Bb2 Rd8 14. Qxd7 Bxd7
15. Rfe1 Re8 16. Rad1 Rad8 17. exf5 Bxf5 18. Rxd8 Rxd8 19. Nh4 Rd2 20. Bc3 Rxa2
21. Nxf5 gxf5 22. Bxc6 bxc6 23. Bxe5 Kf7 24. Bxf6 Kxf6 25. Re8 c5 26. Rc8 Ke5
27. Rxc7 Kd4 28. Rxh7 a5 29. Rd7+ Kc3 30. Rd5 Kxb3 31. Rxc5 a4 32. Rxf5 a3 33.
Ra5 Rb2 34. Kg2 a2 35. h4 Rb1 36. h5 a1=Q 37. Rxa1 Rxa1 38. Kf3 Kxc4 39. Ke4
Kc5 40. Ke5 Rf1 41. g4 Rxf2 42. h6 Rh2 43. g5 Rh1 44. Kf6 Kd6 45. Kg7 Ke6 46.
g6 Rh2 47. h7 1/2-1/2

[Event "Championnat de France - Accession"]
[Site "Aix-les-Bains"]
[Date "2007.??.??"]
[Round "10.12"]
[White "Fayard, Alain"]
[Black "Fargere, Francois"]
[Result "1-0"]
[WhiteElo "2305"]
[BlackElo "2339"]
[PlyCount "113"]
[EventDate "2007.??.??"]

1. Nf3 d5 2. d4 Nf6 3. c4 c6 4. Qc2 dxc4 5. Qxc4 Bf5 6. g3 e6 7. Nc3 Nbd7 8.
Bg2 Be7 9. O-O O-O 10. Re1 Bg6 11. h3 Rc8 12. Qb3 Qb6 13. Qxb6 axb6 14. e4 h6
15. Bf4 b5 16. a3 Rfe8 17. Nd2 Bf8 18. Be3 e5 19. d5 Bc5 20. Nb3 cxd5 21. Nxc5
Nxc5 22. exd5 Nd3 23. Re2 b4 24. Nb5 Rcd8 25. d6 e4 26. Bd4 Rd7 27. Rd1 Bh5 28.
g4 Nf4 29. Rc2 Bg6 30. Be3 N4d5 31. Rc5 Nxe3 32. fxe3 bxa3 33. bxa3 Red8 34.
Rd4 Kf8 35. Rc7 Ne8 36. Rxd7 Rxd7 37. Kf2 f5 38. Kg3 Kf7 39. Kf4 Ke6 40. Bf1
Bh7 41. gxf5+ Bxf5 42. h4 g6 43. Bc4+ Kf6 44. Bb3 g5+ 45. hxg5+ hxg5+ 46. Kg3
Rd8 47. Bd1 Ke5 48. Bg4 Nf6 49. Bxf5 Kxf5 50. Rc4 Ne8 51. Rc8 Rxd6 52. Rxe8 Rd3
53. Nd4+ Kg6 54. Rxe4 Rxa3 55. Kg4 Ra5 56. Re6+ Kf7 57. Rb6 1-0

[Event "Championnat de France - Accession"]
[Site "Aix-les-Bains"]
[Date "2007.??.??"]
[Round "10.13"]
[White "Demuth, Adrien"]
[Black "Boudre, Jean-Pierre"]
[Result "1/2-1/2"]
[WhiteElo "2193"]
[BlackElo "2329"]
[PlyCount "41"]
[EventDate "2007.??.??"]

1. d4 Nf6 2. c4 e6 3. Nf3 c5 4. d5 b5 5. Bg5 exd5 6. cxd5 d6 7. e4 a6 8. a4 Be7
9. axb5 Nxe4 10. Bxe7 Qxe7 11. Be2 O-O 12. O-O Qb7 13. Nfd2 Nxd2 14. Qxd2 axb5
15. Rxa8 Qxa8 16. Bxb5 Ba6 17. Qa5 Qxd5 18. Bxa6 Qa8 19. Rd1 Qxa6 20. Qxa6 Nxa6
21. Rxd6 1/2-1/2

[Event "Championnat de France - Accession"]
[Site "Aix-les-Bains"]
[Date "2007.??.??"]
[Round "10.14"]
[White "Guilleux, Fabien"]
[Black "Therkildsen, Thomas"]
[Result "1/2-1/2"]
[WhiteElo "2203"]
[BlackElo "2310"]
[PlyCount "280"]
[EventDate "2007.??.??"]

1. Nf3 g6 2. e4 Nf6 3. e5 Nd5 4. d4 Nb6 5. h4 d6 6. h5 Bg7 7. exd6 Qxd6 8. c4
Bg4 9. hxg6 hxg6 10. Rxh8+ Bxh8 11. Be3 Bxf3 12. gxf3 c5 13. d5 Bxb2 14. Nd2
Bxa1 15. Qxa1 Qf6 16. Qxf6 exf6 17. Ne4 N8d7 18. Nd6+ Ke7 19. Nxb7 Na4 20. f4
Ndb6 21. Nxc5 Nxc5 22. Bxc5+ Kd7 23. f5 Rc8 24. Bd4 Nxc4 25. Bxf6 gxf5 26. Bd3
Kd6 27. Bxf5 Re8+ 28. Kd1 Kxd5 29. Bd3 Re6 30. Bc3 Ra6 31. Kc2 Rxa2+ 32. Kb3
Ra3+ 33. Kc2 Ra2+ 34. Kb3 Ra3+ 35. Kc2 Ne5 36. Be2 Ra2+ 37. Kd1 a5 38. f4 Nc4
39. Bh5 Ne3+ 40. Ke1 Ke4 41. Bxf7 Rh2 42. Bd2 Kf3 43. Bxe3 Kxe3 44. Kd1 Kxf4
45. Kc1 Ke3 46. Kb1 Kd4 47. Bb3 Kc3 48. Be6 Kb4 49. Bf7 Ka3 50. Be6 Rh1+ 51.
Kc2 Rh6 52. Bd5 Rb6 53. Bf7 Rb2+ 54. Kc1 Rb7 55. Bd5 Rb8 56. Be6 Rb6 57. Bf7
Rb7 58. Bd5 Rb8 59. Be6 Rb4 60. Kc2 Rb6 61. Bf7 Rb7 62. Bd5 Rd7 63. Be6 Re7 64.
Bd5 Kb4 65. Kb1 Re1+ 66. Kb2 Re2+ 67. Kb1 Kc3 68. Bf7 Rf2 69. Be6 Kb4 70. Bd5
Rd2 71. Be6 Ka3 72. Bf7 Rb2+ 73. Kc1 a4 74. Be6 Rb6 75. Bf7 Kb4 76. Kb2 Rf6 77.
Bd5 Rf2+ 78. Kb1 Kc3 79. Be6 a3 80. Ka1 Kb4 81. Bd5 Rd2 82. Be6 Rd6 83. Bf7 Kc3
84. Bg8 Rd7 85. Be6 Ra7 86. Ba2 Kc2 87. Bd5 a2 88. Bxa2 Kc3 89. Kb1 Rb7+ 90.
Ka1 Rb2 91. Be6 Kc2 92. Bf5+ Kc1 93. Be6 Rb1+ 94. Ka2 Rb6 95. Bd5 Ra6+ 96. Kb3
Kb1 97. Be4+ Ka1 98. Bf5 Rf6 99. Be4 Re6 100. Bd5 Re3+ 101. Kc2 Re5 102. Bf7
Rc5+ 103. Kb3 Rc6 104. Bd5 Rb6+ 105. Ka3 Rd6 106. Be4 Re6 107. Bf5 Re3+ 108.
Kb4 Kb2 109. Kc4 Rf3 110. Be4 Rf4 111. Kd4 Rh4 112. Kd3 Rh2 113. Bd5 Rh8 114.
Be6 Rh6 115. Bd5 Rd6 116. Kc4 Rd7 117. Be6 Rc7+ 118. Kd3 Rc3+ 119. Kd4 Kc2 120.
Bf5+ Kd2 121. Be4 Rh3 122. Bf5 Rh4+ 123. Be4 Ke2 124. Ke5 Ke3 125. Bg6 Ra4 126.
Bf7 Ra5+ 127. Bd5 Kd3 128. Ke6 Kd4 129. Bb7 Rb5 130. Bg2 Rb6+ 131. Kf5 Rb2 132.
Bc6 Rf2+ 133. Ke6 Kc5 134. Bb7 Re2+ 135. Kf5 Kd6 136. Bf3 Re5+ 137. Kf4 Ke6
138. Bg4+ Kf6 139. Bf3 Rb5 140. Be4 Rb4 1/2-1/2

[Event "Championnat de France - Accession"]
[Site "Aix-les-Bains"]
[Date "2007.??.??"]
[Round "10.15"]
[White "Lerch, Patrice"]
[Black "Moucheroud, Jeremy"]
[Result "1-0"]
[WhiteElo "2301"]
[BlackElo "1982"]
[PlyCount "47"]
[EventDate "2007.??.??"]

1. e4 c5 2. Nc3 Nc6 3. g3 g6 4. Bg2 Bg7 5. d3 e6 6. Be3 d6 7. Qd2 Nge7 8. Nh3
e5 9. O-O O-O 10. f4 b6 11. f5 gxf5 12. Bh6 fxe4 13. Bxg7 Kxg7 14. Rf6 Kxf6 15.
Qh6+ Ng6 16. Nd5+ Ke6 17. Ng5+ Kd7 18. Nxh7 Nb4 19. Bxe4 Bb7 20. Nhf6+ Kc8 21.
Qh3+ Kb8 22. Nd7+ Qxd7 23. Qxd7 Nxd5 24. Bxd5 1-0

[Event "Championnat de France - Accession"]
[Site "Aix-les-Bains"]
[Date "2007.??.??"]
[Round "10.16"]
[White "Letreguilly, Olivier"]
[Black "Giua, Frederic"]
[Result "1-0"]
[WhiteElo "2360"]
[BlackElo "2204"]
[PlyCount "69"]
[EventDate "2007.??.??"]

1. e4 e6 2. d4 d5 3. Nd2 Nf6 4. e5 Nfd7 5. c3 c5 6. Bd3 Nc6 7. Ne2 cxd4 8. cxd4
f6 9. exf6 Qxf6 10. O-O Bd6 11. Nf3 O-O 12. Bb1 h6 13. Qd3 Qf5 14. Qxf5 exf5
15. Bf4 Be7 16. h4 Nf6 17. Nc3 Be6 18. Nb5 Rad8 19. Bc7 Rd7 20. Ne5 Nxe5 21.
Bxe5 Ne8 22. Nxa7 Bxh4 23. Nb5 Bd8 24. b4 Nf6 25. f3 g5 26. Re1 Ne8 27. Bc2 Kf7
28. Re2 Be7 29. a3 Nd6 30. Bxd6 Bxd6 31. Rae1 Bg3 32. Rxe6 Bxe1 33. Rxe1 f4 34.
Kf2 Kf6 35. Re5 1-0

[Event "Championnat de France - Accession"]
[Site "Aix-les-Bains"]
[Date "2007.??.??"]
[Round "10.18"]
[White "Schabanel, Stephane"]
[Black "Houriez, Clement"]
[Result "1/2-1/2"]
[WhiteElo "2280"]
[BlackElo "2181"]
[PlyCount "42"]
[EventDate "2007.??.??"]

1. e4 c5 2. Nf3 d6 3. d4 cxd4 4. Nxd4 Nf6 5. Nc3 a6 6. Bg5 e6 7. f4 Qc7 8. Bxf6
gxf6 9. Qd2 Be7 10. O-O-O Nc6 11. Kb1 Bd7 12. f5 h5 13. fxe6 fxe6 14. Bc4 Nxd4
15. Qxd4 O-O-O 16. Bb3 Kb8 17. Na4 Rhg8 18. Rd2 Rg4 19. h3 Rg5 20. Nb6 Rdg8 21.
Nxd7+ Qxd7 1/2-1/2

[Event "Championnat de France - Accession"]
[Site "Aix-les-Bains"]
[Date "2007.??.??"]
[Round "10.20"]
[White "Gregoire, Sylvain"]
[Black "Amoyal, Pierre"]
[Result "1/2-1/2"]
[WhiteElo "2261"]
[BlackElo "2180"]
[PlyCount "22"]
[EventDate "2007.??.??"]

1. d4 Nf6 2. c4 g6 3. Nc3 d5 4. Nf3 Bg7 5. Bg5 dxc4 6. e3 Be6 7. Ne5 Nd5 8.
Nxc4 O-O 9. Be2 c5 10. O-O cxd4 11. exd4 Nc6 1/2-1/2

[Event "Championnat de France - Accession"]
[Site "Aix-les-Bains"]
[Date "2007.??.??"]
[Round "10.21"]
[White "Heinis, Vincent"]
[Black "Alanic, Xavier"]
[Result "0-1"]
[WhiteElo "2199"]
[BlackElo "2251"]
[PlyCount "70"]
[EventDate "2007.??.??"]

1. d4 f5 2. g3 Nf6 3. Bg2 e6 4. c4 c6 5. Nh3 d5 6. O-O Be7 7. Nd2 O-O 8. b3 Bd7
9. Bb2 Be8 10. Nf4 Bf7 11. Nf3 h6 12. Ne5 Qe8 13. cxd5 exd5 14. Bh3 g5 15. Nfd3
Be6 16. Nc5 Bc8 17. Qc2 Ne4 18. f3 Nxc5 19. dxc5 Na6 20. Nd3 Bf6 21. e4 Bxb2
22. Qxb2 fxe4 23. Bxc8 Rxc8 24. Ne5 Nxc5 25. Ng4 Qe6 26. Qc2 Nd3 27. fxe4 Qxg4
28. Qxd3 Qxe4 29. Qc3 Rce8 30. Rxf8+ Rxf8 31. Re1 Qf5 32. Qd4 b6 33. h4 c5 34.
Qe5 gxh4 35. gxh4 Qf2+ 0-1

[Event "Championnat de France - Accession"]
[Site "Aix-les-Bains"]
[Date "2007.??.??"]
[Round "10.22"]
[White "Bissieres, Matthieu"]
[Black "Blum, Nicolas"]
[Result "1/2-1/2"]
[WhiteElo "2221"]
[BlackElo "2166"]
[PlyCount "29"]
[EventDate "2007.??.??"]

1. e4 c6 2. d4 d5 3. Nc3 dxe4 4. Nxe4 Nd7 5. Bg5 Ngf6 6. Nxf6+ Nxf6 7. Nf3 Bg4
8. Be2 Qd5 9. Be3 e6 10. O-O Be7 11. c4 Qa5 12. Qb3 Qc7 13. Rac1 O-O 14. h3 Bf5
15. Rfd1 1/2-1/2

[Event "Championnat de France - Accession"]
[Site "Aix-les-Bains"]
[Date "2007.??.??"]
[Round "10.24"]
[White "Tournier, Mathieu"]
[Black "Fougerit, Valentin"]
[Result "1/2-1/2"]
[WhiteElo "2250"]
[BlackElo "2225"]
[PlyCount "28"]
[EventDate "2007.??.??"]

1. e4 e5 2. Bc4 Nf6 3. d3 c6 4. Nf3 Be7 5. Bb3 O-O 6. O-O d6 7. Re1 Bg4 8. Nbd2
Nfd7 9. h3 Bh5 10. c3 Nc5 11. Bc2 Ne6 12. Nf1 Nd7 13. Ng3 Bxf3 14. Qxf3 g6
1/2-1/2

[Event "Championnat de France - Accession"]
[Site "Aix-les-Bains"]
[Date "2007.??.??"]
[Round "10.27"]
[White "Frederic, Clement"]
[Black "Marie, Maxime"]
[Result "1/2-1/2"]
[WhiteElo "2222"]
[BlackElo "2226"]
[PlyCount "30"]
[EventDate "2007.??.??"]

1. e4 c5 2. Nf3 Nc6 3. d4 cxd4 4. Nxd4 Nf6 5. Nc3 e5 6. Ndb5 d6 7. Nd5 Nxd5 8.
exd5 Nb8 9. c4 Be7 10. Bd3 O-O 11. O-O a6 12. Nc3 f5 13. f3 Nd7 14. Be3 g5 15.
Rc1 e4 1/2-1/2

[Event "Championnat de France - Accession"]
[Site "Aix-les-Bains"]
[Date "2007.??.??"]
[Round "10.28"]
[White "Sanchez, Nicolas"]
[Black "Forthofer, Robert"]
[Result "1/2-1/2"]
[WhiteElo "2200"]
[BlackElo "2221"]
[PlyCount "26"]
[EventDate "2007.??.??"]

1. d4 d5 2. Nf3 Nc6 3. Bf4 Bg4 4. e3 e6 5. c4 Bd6 6. cxd5 exd5 7. Bxd6 Qxd6 8.
Be2 Nf6 9. Nc3 O-O-O 10. Qa4 Bxf3 11. Bxf3 Ne4 12. Bxe4 dxe4 13. O-O-O Qb4
1/2-1/2

[Event "Championnat de France - Accession"]
[Site "Aix-les-Bains"]
[Date "2007.??.??"]
[Round "10.30"]
[White "Blanc, Sebastien"]
[Black "Mandon, Fabrice"]
[Result "0-1"]
[WhiteElo "2141"]
[BlackElo "2196"]
[PlyCount "38"]
[EventDate "2007.??.??"]

1. d4 d5 2. c4 dxc4 3. Nf3 Nf6 4. Nc3 c6 5. a4 Bf5 6. Ne5 e6 7. e3 Nbd7 8. Nxd7
Qxd7 9. Bxc4 Bb4 10. O-O O-O 11. Qe2 Bg6 12. Rd1 Rfd8 13. Bd2 Qe7 14. f3 c5 15.
dxc5 Qxc5 16. Rac1 Rac8 17. b3 Ba3 18. Ra1 Bb2 19. Ra2 Bxc3 0-1

[Event "Championnat de France - Accession"]
[Site "Aix-les-Bains"]
[Date "2007.??.??"]
[Round "11.1"]
[White "Vernay, Clovis"]
[Black "Vitoux, Colomban"]
[Result "0-1"]
[WhiteElo "2381"]
[BlackElo "2343"]
[PlyCount "54"]
[EventDate "2007.??.??"]

1. Nf3 Nf6 2. c4 c6 3. d4 d5 4. Nc3 dxc4 5. a4 c5 6. d5 Bf5 7. e3 e6 8. Bxc4
exd5 9. Nxd5 Nc6 10. O-O Bd6 11. b3 Be4 12. Nc3 Bxf3 13. Qxf3 Be5 14. Bb2 Qd2
15. Rab1 Bxc3 16. Rfd1 Qxb2 17. Rxb2 Bxb2 18. Qf5 O-O 19. Qxc5 Rad8 20. Rxd8
Rxd8 21. h3 Be5 22. f4 Bc7 23. Qb5 Bb6 24. Kf1 Kf8 25. b4 Rd1+ 26. Ke2 Ne4 27.
Qf5 Ng3+ 0-1

[Event "Championnat de France - Accession"]
[Site "Aix-les-Bains"]
[Date "2007.??.??"]
[Round "11.2"]
[White "Collas, Didier"]
[Black "Terrieux, Kevin"]
[Result "1/2-1/2"]
[WhiteElo "2458"]
[BlackElo "2331"]
[PlyCount "37"]
[EventDate "2007.??.??"]

1. Nf3 f5 2. c4 Nf6 3. g3 g6 4. Bg2 Bg7 5. O-O O-O 6. Nc3 d6 7. d4 c6 8. d5 e5
9. dxe6 Bxe6 10. Qd3 Nbd7 11. Ng5 Ne5 12. Nxe6 Qe7 13. Qc2 Qxe6 14. b3 Rfe8 15.
Bb2 Nf7 16. Rad1 Rad8 17. e3 Ng5 18. Ne2 Nge4 19. Nf4 1/2-1/2

[Event "Championnat de France - Accession"]
[Site "Aix-les-Bains"]
[Date "2007.??.??"]
[Round "11.3"]
[White "Cossin, Sebastien"]
[Black "Rainfray, Arnaud"]
[Result "1/2-1/2"]
[WhiteElo "2433"]
[BlackElo "2393"]
[PlyCount "59"]
[EventDate "2007.??.??"]

1. d4 d5 2. c4 e6 3. Nf3 Nf6 4. Nc3 c6 5. e3 Nbd7 6. Qc2 Bd6 7. Bd2 O-O 8. Bd3
Qe7 9. O-O e5 10. cxd5 cxd5 11. e4 dxe4 12. Nxe4 exd4 13. Rae1 h6 14. Qc4 Nxe4
15. Bxe4 Qf6 16. Qxd4 Qxd4 17. Nxd4 Nf6 18. Bf3 Ng4 19. g3 Ne5 20. Bg2 Nd3 21.
Rb1 Be5 22. Bc3 Rd8 23. Nf3 Bxc3 24. bxc3 Nc5 25. Nd4 Na4 26. Bxb7 Bxb7 27.
Rxb7 Nxc3 28. Nc6 Rd6 29. Nxa7 Ra6 30. Nb5 1/2-1/2

[Event "Championnat de France - Accession"]
[Site "Aix-les-Bains"]
[Date "2007.??.??"]
[Round "11.4"]
[White "Robin, Samy"]
[Black "Benitah, Yohan"]
[Result "0-1"]
[WhiteElo "2321"]
[BlackElo "2421"]
[PlyCount "92"]
[EventDate "2007.??.??"]

1. e4 c5 2. Nf3 d6 3. d4 cxd4 4. Nxd4 Nf6 5. Nc3 a6 6. Be2 e6 7. a4 Be7 8. O-O
O-O 9. Be3 Nc6 10. f4 Qc7 11. Nb3 b6 12. Bf3 Bb7 13. Qe1 Rfe8 14. Rd1 Nd7 15.
Qg3 Bf6 16. Rf2 Rad8 17. Rfd2 Be7 18. Be2 Bf8 19. f5 Nce5 20. Bg5 Rc8 21. Bh6
Kh8 22. Bf4 Nf6 23. fxe6 fxe6 24. Qe3 Qc6 25. Bxe5 dxe5 26. Bf3 Bb4 27. Rd3 a5
28. Qg5 Ba6 29. Nb5 Bxb5 30. axb5 Qxb5 31. Kh1 a4 32. Nd4 Qc5 33. Ne2 h6 34.
Qg3 Qxc2 35. Qxe5 Qc5 36. Qg3 e5 37. Qg6 Qf8 38. Ng3 Red8 39. Nf5 Rxd3 40. Rxd3
Nxe4 41. Rc3 Bxc3 42. Bxe4 Bxb2 43. h4 Qf6 44. Qg4 a3 45. Ng3 Rc4 46. Nh5 Qf7
0-1

[Event "Championnat de France - Accession"]
[Site "Aix-les-Bains"]
[Date "2007.??.??"]
[Round "11.5"]
[White "Rouler, Charly"]
[Black "Van Elst, Andreas"]
[Result "1-0"]
[WhiteElo "2284"]
[BlackElo "2294"]
[PlyCount "71"]
[EventDate "2007.??.??"]

1. d4 Nf6 2. c4 g6 3. g3 Bg7 4. Bg2 O-O 5. Nf3 d6 6. O-O Nbd7 7. Nc3 e5 8. h3
exd4 9. Nxd4 Re8 10. e4 Nc5 11. Re1 Bd7 12. Bf4 h6 13. Kh2 a5 14. f3 Nh7 15.
Be3 h5 16. Qd2 h4 17. g4 c6 18. Rad1 Qc7 19. Kh1 Rad8 20. f4 f5 21. exf5 gxf5
22. g5 Nf8 23. Qc2 Qc8 24. Nf3 Be6 25. Nxh4 Bxc4 26. Bxc5 Rxe1+ 27. Rxe1 dxc5
28. Nxf5 Ng6 29. Nh6+ Kh7 30. f5 Nf4 31. f6+ Bd3 32. Re7 Rd7 33. Be4+ Ng6 34.
Qxd3 Rxe7 35. Bxg6+ Kh8 36. fxe7 1-0

[Event "Championnat de France - Accession"]
[Site "Aix-les-Bains"]
[Date "2007.??.??"]
[Round "11.6"]
[White "Olivier, Jean-Christophe"]
[Black "Riff, Jean-Noel"]
[Result "0-1"]
[WhiteElo "2403"]
[BlackElo "2460"]
[PlyCount "62"]
[EventDate "2007.??.??"]

1. e4 c5 2. Nf3 d6 3. d4 Nf6 4. Nc3 cxd4 5. Nxd4 e6 6. g4 h6 7. g5 hxg5 8. Bxg5
Nc6 9. Qd2 Qb6 10. Nb3 a6 11. O-O-O Qc7 12. f4 Nh7 13. Bh4 Bd7 14. f5 Nf6 15.
fxe6 fxe6 16. Bg3 Ne5 17. Nd4 b5 18. Bd3 Rc8 19. Kb1 Nxd3 20. cxd3 e5 21. Nf3
b4 22. Nd5 Nxd5 23. exd5 Be7 24. Qxb4 Rb8 25. Qc4 Qb7 26. Rd2 O-O 27. Qe4 Bf5
28. Qe2 Bg4 29. Rf1 Qxd5 30. Qe4 Qxe4 31. dxe4 Bxf3 0-1

[Event "Championnat de France - Accession"]
[Site "Aix-les-Bains"]
[Date "2007.??.??"]
[Round "11.7"]
[White "Shirazi, Kamran"]
[Black "Riff, Vincent"]
[Result "1-0"]
[WhiteElo "2401"]
[BlackElo "2308"]
[PlyCount "90"]
[EventDate "2007.??.??"]

1. e4 e6 2. d4 d5 3. exd5 exd5 4. c4 Nf6 5. Nc3 Be7 6. Nf3 O-O 7. Be3 c6 8. h3
Ne4 9. Bd3 Bf5 10. Qc2 Bb4 11. O-O Bxc3 12. bxc3 Bg6 13. Ne5 Nd6 14. c5 Nc8 15.
Nxg6 hxg6 16. c4 b6 17. cxb6 axb6 18. c5 bxc5 19. dxc5 Nd7 20. Bd4 Qa5 21. Rfc1
Qb4 22. Be3 Ra3 23. Qe2 Ne5 24. Bd2 Qd4 25. Bc2 Nc4 26. Bb4 Ra7 27. Bb3 Re7 28.
Qc2 Rfe8 29. Bxc4 dxc4 30. Qxc4 Re1+ 31. Bxe1 Rxe1+ 32. Rxe1 Qxc4 33. Re8+ Kh7
34. Rxc8 Qxc5 35. Re8 Qa3 36. Re3 Qb2 37. Ree1 Qa3 38. Rec1 c5 39. Rc2 f5 40.
Rd1 Qa4 41. Rdd2 Qb4 42. Rb2 Qe4 43. Re2 Qd4 44. Red2 Qc4 45. Rdc2 Qd4 1-0

[Event "Championnat de France - Accession"]
[Site "Aix-les-Bains"]
[Date "2007.??.??"]
[Round "11.9"]
[White "Bedouin, Xavier"]
[Black "Moussard, Jules"]
[Result "1/2-1/2"]
[WhiteElo "2357"]
[BlackElo "2239"]
[PlyCount "93"]
[EventDate "2007.??.??"]

1. e4 c5 2. c3 Nf6 3. e5 Nd5 4. d4 cxd4 5. cxd4 g6 6. Nc3 Nb6 7. f4 d5 8. Bd3
Nc6 9. Nf3 Bg4 10. Be3 Qd7 11. b3 Rc8 12. Rc1 e6 13. O-O a6 14. Ne2 Ba3 15. Rc3
Nb4 16. Bb1 Rxc3 17. Nxc3 Qc7 18. Qd2 Bxf3 19. Rxf3 h5 20. Ne2 Kd7 21. g3 Kc8
22. h3 Kb8 23. Bf2 Qe7 24. Kg2 Nd7 25. Rc3 Rg8 26. Ng1 Nc6 27. Qe2 Qb4 28. Qd2
Qb6 29. Qd1 Qa5 30. Rc2 Nb4 31. Rd2 Rc8 32. Ne2 Qc7 33. Qf1 Qc6 34. Kh2 Qb5 35.
Bg1 Rc1 36. Rd1 Rc7 37. Qf3 Qc6 38. Bf2 Rc8 39. Kg2 Rg8 40. g4 hxg4 41. hxg4 f5
42. exf6 Nxf6 43. Ng3 Qd7 44. Re1 Nc6 45. Qe2 Bb4 46. Rh1 Bd6 47. Be3 1/2-1/2

[Event "Championnat de France - Accession"]
[Site "Aix-les-Bains"]
[Date "2007.??.??"]
[Round "11.10"]
[White "Lagarde, Maxime"]
[Black "Jolly, Jean-Francois"]
[Result "1-0"]
[WhiteElo "2200"]
[BlackElo "2315"]
[PlyCount "73"]
[EventDate "2007.??.??"]

1. e4 Nc6 2. Nf3 d6 3. d4 Bg4 4. c3 Nf6 5. Bb5 d5 6. e5 Nd7 7. h3 Bf5 8. g4
Bxb1 9. Rxb1 e6 10. Bf4 Be7 11. h4 Ncb8 12. g5 c5 13. Kf1 Qa5 14. Bd3 Nc6 15.
dxc5 Qxc5 16. Kg2 Qb6 17. Qe2 Nf8 18. b4 Bd8 19. Rhc1 Ng6 20. Be3 Rc8 21. b5
Na5 22. Nd4 Ne7 23. f4 Nc4 24. Bf2 Qc7 25. h5 Qd7 26. Rh1 Ba5 27. g6 fxg6 28.
hxg6 h6 29. Qg4 O-O 30. Qxe6+ Qxe6 31. Nxe6 Rfe8 32. Bd4 Nd2 33. Rbd1 Ne4 34.
c4 Nxg6 35. cxd5 Rxe6 36. Bxe4 Nxf4+ 37. Kf3 1-0

[Event "Championnat de France - Accession"]
[Site "Aix-les-Bains"]
[Date "2007.??.??"]
[Round "11.11"]
[White "Bleunven, Andre"]
[Black "Letreguilly, Olivier"]
[Result "1/2-1/2"]
[WhiteElo "2290"]
[BlackElo "2360"]
[PlyCount "152"]
[EventDate "2007.??.??"]

1. d4 Nf6 2. Nf3 e6 3. c4 Bb4+ 4. Bd2 Qe7 5. g3 Nc6 6. Nc3 Bxc3 7. Bxc3 Ne4 8.
Rc1 O-O 9. Bg2 Rb8 10. O-O b5 11. d5 Nxc3 12. Rxc3 b4 13. Rc1 Nd8 14. Qa4 Bb7
15. Nd4 Qc5 16. Nb3 Qe7 17. Qxa7 Ra8 18. Qc5 Qxc5 19. Nxc5 Rxa2 20. Ra1 Rxa1
21. Rxa1 exd5 22. Ra7 Bc6 23. cxd5 d6 24. Nb3 Bb7 25. Na5 Bc8 26. Rxc7 Ba6 27.
Bf3 f5 28. Rd7 Nf7 29. Nc6 Re8 30. Re7 Kf8 31. Rxe8+ Kxe8 32. Nxb4 Bc4 33. e3
Ne5 34. Bd1 Kd7 35. f4 Ng6 36. Ba4+ Kc7 37. b3 Be2 38. Kf2 Bg4 39. Nc6 Bd1 40.
Nd4 Ne7 41. Bc6 Kb6 42. b4 Bh5 43. e4 fxe4 44. Ke3 Bg4 45. Kxe4 g6 46. b5 h5
47. Ne6 Ng8 48. Kd4 Nf6 49. Ng5 Bf5 50. Nf7 Kc7 51. b6+ Kxb6 52. Nxd6 Bh3 53.
Nc4+ Kc7 54. Ba4 Ng4 55. d6+ Kd8 56. Ne5 Nxh2 57. d7 Kc7 58. Nxg6 Bxd7 59. Bxd7
Kxd7 60. Ke5 Ng4+ 61. Kf5 Ne3+ 62. Kg5 Nf1 63. Kh4 Ke6 64. Ne5 Kf5 65. Nf3 Ke4
66. Ng1 Kf5 67. Ne2 Kg6 68. Nd4 Ne3 69. f5+ Kh6 70. f6 Kg6 71. f7 Kxf7 72. Kxh5
Kf6 73. Nf3 Kf5 74. Nh2 Kf6 75. Ng4+ Nxg4 76. Kxg4 Kg6 1/2-1/2

[Event "Championnat de France - Accession"]
[Site "Aix-les-Bains"]
[Date "2007.??.??"]
[Round "11.12"]
[White "Boudre, Jean-Pierre"]
[Black "Lerch, Patrice"]
[Result "0-1"]
[WhiteElo "2329"]
[BlackElo "2301"]
[PlyCount "90"]
[EventDate "2007.??.??"]

1. e4 c5 2. Nf3 Nc6 3. d4 cxd4 4. Nxd4 g6 5. Nc3 Bg7 6. Be3 Nf6 7. Nxc6 bxc6 8.
e5 Ng8 9. f4 f6 10. e6 d5 11. f5 Qd6 12. Bd3 Qe5 13. Qf3 Bh6 14. Kf2 Bxe3+ 15.
Qxe3 Qxe3+ 16. Kxe3 Nh6 17. fxg6 Bxe6 18. gxh7 Bf5 19. h3 Bxh7 20. Rhf1 Kd7 21.
Ne2 Rag8 22. Rf2 Nf7 23. b3 Nd6 24. Rg1 Ne4 25. Rf4 e5 26. Rh4 Ke6 27. Bxe4
Bxe4 28. Rxh8 Rxh8 29. c3 f5 30. b4 f4+ 31. Kf2 Kf5 32. Rd1 a5 33. bxa5 c5 34.
Rd2 Ra8 35. g3 Rxa5 36. gxf4 exf4 37. Rb2 Ke5 38. h4 Ra8 39. Ng1 Rh8 40. Re2
Kf5 41. Nf3 Bxf3 42. Kxf3 Rxh4 43. Rd2 Rh3+ 44. Kg2 Rg3+ 45. Kf2 Ke4 0-1

[Event "Championnat de France - Accession"]
[Site "Aix-les-Bains"]
[Date "2007.??.??"]
[Round "11.13"]
[White "Therkildsen, Thomas"]
[Black "Demuth, Adrien"]
[Result "0-1"]
[WhiteElo "2310"]
[BlackElo "2193"]
[PlyCount "28"]
[EventDate "2007.??.??"]

1. e4 e5 2. Nf3 Nc6 3. Nc3 Nf6 4. Bb5 Nd4 5. Ba4 Bc5 6. O-O O-O 7. Nxe5 d6 8.
Nf3 Bg4 9. Re1 Nd7 10. Bxd7 Qxd7 11. Nd5 f5 12. e5 dxe5 13. Ne3 Bxf3 14. gxf3
e4 0-1

[Event "Championnat de France - Accession"]
[Site "Aix-les-Bains"]
[Date "2007.??.??"]
[Round "11.14"]
[White "Duquesnoy, Jean-Philippe"]
[Black "Bailet, Pierre"]
[Result "1/2-1/2"]
[WhiteElo "2268"]
[BlackElo "2169"]
[PlyCount "46"]
[EventDate "2007.??.??"]

1. d4 d5 2. Nf3 Nf6 3. c4 c6 4. Nc3 dxc4 5. a4 Bf5 6. e3 e6 7. Bxc4 Bb4 8. O-O
O-O 9. Qe2 h6 10. e4 Bg6 11. Bd3 Nbd7 12. e5 Bxd3 13. Qxd3 Nd5 14. Nxd5 cxd5
15. Bd2 Qa5 16. b3 Bxd2 17. Nxd2 Rfc8 18. Rac1 Qb6 19. Rc3 Rc6 20. Rfc1 Rac8
21. Kf1 Qb4 22. Nb1 Nb8 23. Qd2 a5 1/2-1/2